Figure out the Lyrics 4 - Statistics

General Stats
  • This quiz has been taken 215 times
  • The average score is 91 of 217
Answer Stats
Answer % Correct
I
99%
I,
99%
a
98%
the
95%
"The
95%
you
95%
"You
95%
you"
95%
And
83%
and
83%
to
78%
To
78%
in
77%
In
77%
on
77%
it
76%
When
74%
my
73%
do
71%
no
70%
of
65%
Hear
63%
are
61%
they
57%
that
56%
That
56%
not
53%
was
46%
know
45%
its
44%
night
44%
by
43%
like
42%
said
40%
said:
40%
But
39%
were
39%
with
39%
one
38%
I've
36%
out
35%
come
33%
light
28%
never
26%
again
23%
Because
23%
eyes
23%
friend
23%
Hello
23%
Take
23%
old
22%
talk
22%
darkness,
21%
people,
21%
People
21%
people
21%
sound
21%
more
20%
saw
19%
silence
19%
Silence
19%
silence"
19%
words
18%
words,
18%
without
16%
Still
15%
made
14%
brain
13%
god
13%
maybe
13%
Ten
13%
while
13%
sleeping
12%
softly
12%
might
11%
neon
11%
thousand
11%
vision
11%
creeping
10%
dreams
10%
Left
10%
listening
10%
naked
10%
prayed
10%
remains
10%
speaking
10%
voices
10%
Written
10%
bowed
9%
hearing
9%
planted
9%
prophets
9%
talking
9%
alone
8%
cancer
8%
cold
8%
grows
8%
raindrops
8%
sign
8%
songs
8%
subway
8%
walls
8%
arms
7%
cobblestone
7%
echoed
7%
fell
7%
flash
7%
halls
7%
reach
7%
share
7%
silent
7%
street
7%
teach
7%
walked
7%
Within
7%
writing
7%
damp
6%
dared
6%
Disturb
6%
"Fools",
6%
collar
5%
halo
5%
'Neath
5%
restless
5%
seeds
5%
split
5%
stabbed
5%
streets
5%
tenement
5%
turned
5%
flashed
4%
lamp
4%
Narrow
4%
warning
4%
whispered
4%
forming
3%
touched
3%
wells
2%
No matching quizzes found
Score Distribution
Percent of People with Each Score
Percentile by Number Answered
Your Score History
You have not taken this quiz